000 00675cam a2200145 4500500
005 20260208010722.0
041 _afre
042 _adc
100 1 0 _aDubray, Jean
_eauthor
245 0 0 _aRia Van den Brandt, Mariska Koopman-Thurlings (éd.), Bricoler la mémoire. La théologie et les arts au déclin de la tradition (Actes du Colloque de la Radboud Universiteit Nijmegen), Paris, Le Cerf, 2007, 327 p., 27 €
260 _c2011.
500 _a5
786 0 _nRevue philosophique de la France et de l'étranger | 136 | 1 | 2011-03-16 | p. 85v-111v | 0035-3833
856 4 1 _uhttps://shs.cairn.info/revue-philosophique-2011-1-page-85v?lang=fr&redirect-ssocas=7080
999 _c1657854
_d1657855